000 00663nam a2200241Ia 4500
003 OSt
005 20221005133840.0
006 a|||||r|||| 00| 0
007 ta
008 221004b |||||||| |||| 00| 0 pan d
024 _a22858
037 _cTextual
040 _aCRL
_cCRL
_bpan
041 _2pan
_apan
082 _aO153,3NSH5,4, M2
100 _aਸੁਕਲਾ, ਰਾਮ ਨਾਥ
245 0 _aਵਿਦਰੋਹ
260 _c1982
300 _a226ਪ੍ਰ0
_ccm.
650 _aਪੰਜਾਬੀ ਸਾਹਿਤ
942 _hO153,3NSH5,4, M2
_cTEXL
_2cc
999 _c1068086
_d1068086